Best-Selling VHS Movies - Statistics

General Stats
  • This quiz has been taken 37 times
  • The average score is 8 of 20
Answer Stats
Units Sold Movie % Correct
25,000,000 Titanic
76%
32,000,000 The Lion King
68%
22,000,000 Beauty and the Beast
59%
21,000,000 Toy Story
59%
30,000,000 Aladdin
56%
15,000,000 E.T. the Extra-Terrestrial
53%
24,000,000 Jurassic Park
53%
28,000,000 Snow White and the Seven Dwarfs
47%
17,000,000 Cinderella
44%
17,100,000 Pocahontas
44%
16,600,000 Toy Story 2
44%
13,400,000 Pinocchio
35%
16,000,000 Forrest Gump
32%
14,200,000 Fantasia
29%
15,400,000 Shrek
29%
22,000,000 Independence Day
26%
14,000,000 Mrs Doubtfire
26%
15,900,000 One Hundred and One Dalmatians
21%
15,000,000 The Return of Jafar
21%
15,000,000 The Lion King II: Simba's Pride
18%
No matching quizzes found
Score Distribution
Percent of People with Each Score
Percentile by Number Answered
Your Score History
You have not taken this quiz